Irish Counties Quiz Stats

 Plays Quiz not verified by Sporcle

Score 0/31 Timer 10:00
0 Plays Today
% Correct
Dublin
97.6%
Cork
95.8%
Derry
92.3%
Donegal
92.3%
Kerry
90.5%
Mayo
89.9%
Waterford
89.9%
Wexford
88.7%
Meath
88.7%
Antrim
88.1%
Clare
87.5%
Galway
87.5%
Tipperary
86.3%
Sligo
85.7%
Armagh
85.1%
Fermanagh
83.9%
% Correct
Kilkenny
83.3%
Westmeath
82.7%
Limerick
82.7%
Roscommon
82.1%
Tyrone
81.5%
Down
81%
Laois
79.8%
Wicklow
76.2%
Kildare
72%
Louth
72%
Leitrim
71.4%
Offaly
70.8%
Cavan
70.2%
Carlow
66.1%
Longford
66.1%

You're not logged in!

Compare scores with friends on all Sporcle quizzes.
Join for Free
OR
Log In

You Might Also Like...

Show Comments

Extras

Created Jun 29, 2015ReportNominate
Tags:county, irish, Irish Counties

Top Quizzes Today


Score Distribution

Your Account Isn't Verified!

In order to create a playlist on Sporcle, you need to verify the email address you used during registration. Go to your Sporcle Settings to finish the process.

Report this User

Report this user for behavior that violates our Community Guidelines.

Details: